000 00507nam a2200157 4500
999 _c6869
_d6869
008 170509b xxu||||| |||| 00| 0 eng d
022 _a0119-9000
082 _aDPer 641.505 C77 Jan-June 2013 v.13-14
100 _920784
_aSilvestre, Magnolia.
245 _aBaking becomes serious business/
_cMagnolia Silvestre.
260 _aPhilippines:
_bUBM Medica,
_c©Jan-June 2013.
300 _av14 n2, pages 30-33:
_billustrations;
_c29 cm.
500 _aCook.
650 0 _920785
_aBaking
942 _2ddc
_cPER